Leadership through strategic planning / (Record no. 3202)
[ view plain ]
| 000 -LEADER | |
|---|---|
| fixed length control field | nam a22 a 4500 |
| 003 - CONTROL NUMBER IDENTIFIER | |
| control field | AKMAL |
| 005 - DATE AND TIME OF LATEST TRANSACTION | |
| control field | 20170519163640.0 |
| 008 - FIXED-LENGTH DATA ELEMENTS--GENERAL INFORMATION | |
| fixed length control field | 170519s1998 -uk 00 eng d |
| 020 ## - INTERNATIONAL STANDARD BOOK NUMBER | |
| International Standard Book Number | 1861522088 (pbk.) |
| 040 ## - CATALOGING SOURCE | |
| Original cataloging agency | AKMAL |
| Transcribing agency | AKMAL |
| 082 04 - DEWEY DECIMAL CLASSIFICATION NUMBER | |
| Classification number | 658.4012 BEE |
| 090 00 - LOCALLY ASSIGNED LC-TYPE CALL NUMBER (OCLC); LOCAL CALL NUMBER (RLIN) | |
| Classification number (OCLC) (R) ; Classification number, CALL (RLIN) (NR) | 658.4012 |
| Local cutter number (OCLC) ; Book number/undivided call number, CALL (RLIN) | BEE |
| 100 1# - MAIN ENTRY--PERSONAL NAME | |
| Personal name | Beerel, Annabel, |
| Dates associated with a name | 1953- |
| 9 (RLIN) | 6585 |
| 245 10 - TITLE STATEMENT | |
| Title | Leadership through strategic planning / |
| Statement of responsibility, etc. | Annabel Beerel |
| 260 ## - PUBLICATION, DISTRIBUTION, ETC. | |
| Place of publication, distribution, etc. | London : |
| Name of publisher, distributor, etc. | International Thomson Business Press, |
| Date of publication, distribution, etc. | 1998 |
| 300 00 - PHYSICAL DESCRIPTION | |
| Extent | xiv, 285p. : |
| Other physical details | ill. ; |
| Dimensions | 24cm |
| 440 #0 - SERIES STATEMENT/ADDED ENTRY--TITLE | |
| Title | Smart strategies series |
| 9 (RLIN) | 6586 |
| 500 ## - GENERAL NOTE | |
| General note | Includes index |
| 504 ## - BIBLIOGRAPHY, ETC. NOTE | |
| Bibliography, etc. note | Bibliography: p. 279-282 |
| 650 #0 - SUBJECT ADDED ENTRY--TOPICAL TERM | |
| Topical term or geographic name entry element | Leadership |
| 9 (RLIN) | 120 |
| 650 #0 - SUBJECT ADDED ENTRY--TOPICAL TERM | |
| Topical term or geographic name entry element | Strategic planning |
| 9 (RLIN) | 6200 |
| 942 ## - ADDED ENTRY ELEMENTS (KOHA) | |
| Source of classification or shelving scheme | |
| Koha item type | Book |
| Withdrawn status | Lost status | Source of classification or shelving scheme | Damaged status | Not for loan | Collection code | Home library | Current library | Shelving location | Date acquired | Inventory number | Total Checkouts | Full call number | Barcode | Date last seen | Price effective from | Koha item type |
|---|---|---|---|---|---|---|---|---|---|---|---|---|---|---|---|---|
| NON-FICTION | AKMAL Melaka | AKMAL Melaka | PINJAMAN | 19.05.2017 | 602067 | 658.4012 BEE | 201704247 | 19.05.2017 | 19.05.2017 | Book |
